Voyage du jeune Anacharsis en Grèce (Record no. 151699)

MARC details
000 -LEADER
campo de control de longitud fija 01221nam a22002175i 4500
001 - NÚMERO DE CONTROL
campo de control 151699
003 - IDENTIFICADOR DE NÚMERO DE CONTROL
campo de control ES-MaACL
005 - FECHA Y HORA DE LA ÚLTIMA TRANSACCIÓN
campo de control 20251015063134.0
008 - DATOS DE LONGITUD FIJA--INFORMACIÓN GENERAL
campo de control de longitud fija 971014s1796 sp ab |||| | fre d
040 ## - FUENTE DE CATALOGACIÓN
Centro catalogador/agencia de origen AN
Lengua de catalogación spa
Centro/agencia transcriptor CCPB
100 1# - ENTRADA PRINCIPAL--NOMBRE DE PERSONA
Nombre de persona Barthélemy, Jean-Jacques,
Fechas asociadas al nombre 1716-1795
9 (RLIN) 125841
245 10 - MENCIÓN DEL TÍTULO
Título Voyage du jeune Anacharsis en Grèce
Resto del título : dans le milieu du quatrieme siecle avant l´ere vulgaire /
Mención de responsabilidad, etc. par M. l´abbe Barthelemy.
260 ## - PUBLICACIÓN, DISTRIBUCIÓN, ETC.
Lugar de publicación, distribución, etc. A Madrid :
Nombre del editor, distribuidor, etc. de l´imprimerie de Benoît Cano,
Fecha de publicación, distribución, etc. 1796.
300 ## - DESCRIPCIÓN FÍSICA
Extensión 9 v. (XLIV, XII, 341 p., [1] h. de grab. pleg. ; [6], 344 p. ; [6], 343 p. ; [6], 340 p. ; [6], 364 p. ; [6], 351 p. ; [6], 374 p. ; [4], 372 p. ; [4], IV, 287 p.) ;
Dimensiones 12 cm.
597 ## - NOTA DE DESCRIPCIÓN FÍSICA
NOTA DE DESCRIPCIÓN FÍSICA Sign.: a-b8, c6, *6, A-X8, Y3 ; [ ]3, A-X4, Y4 ; [ ]3, a-x8, y4 ; [ ]3, A-X8, Y2 ; [ ]3, A-Y8, Z6 ; [ ]3, A-Y8 ; [ ]3, A-Z8, 2A3 ; [ ]2, A-Z8, 2A2 ; [ ]4, A-S8.
597 ## - NOTA DE DESCRIPCIÓN FÍSICA
NOTA DE DESCRIPCIÓN FÍSICA Antep.
599 ## - NOTA A LAS ILUSTRACIONES
NOTA A LAS ILUSTRACIONES En el vol. 1º, map. pleg. por M. Barbié du Bocage.
651 ## - PUNTO DE ACCESO ADICIONAL DE MATERIA--NOMBRE GEOGRÁFICO
Nombre geográfico Grecia-
Subdivisión general Descripción.
9 (RLIN) 8776
852 ## - LOCALIZACIÓN
Ubicación ES-MaACL
Número de control de estantería R-507-15
Nota libre -- Enc. pasta española
Encuadernación -- Edic.: existen al menos dos ed.d. con el mismo pie de imp., variando en la pag.
-- Olim: F- 9621-29
Holdings
Estatus retirado Estado de pérdida Estado de daño No para préstamo Colección Biblioteca de origen Biblioteca actual Ubicación en estantería Fecha de adquisición Total de préstamos Signatura topográfica completa Código de barras Visto por última vez Precio de reemplazo Tipo de ítem Koha
        Libros del s. XVIII Biblioteca del Ateneo de Madrid Biblioteca del Ateneo de Madrid Depósito 17/01/2008   R-507-15 1158322 23/02/2023 23/02/2023 Libro impreso antiguo